000 00673nam a2200289Ia 4500
005 20260324142505.0
008 008 260324s9999 xx 000 0 eng d
020 _a9781315025964
037 _aEBOOK
040 _aCRL
040 _beng
040 _cCRL
041 _2eng
041 _aeng
084 _qCRL
100 _aH. Saddhatissa
_91212134
245 4 _aThe Sutta-Nipata
245 2 _bA New Translation from the Pali Canon
260 _bTaylor and Francis
260 _c1994
365 _a
365 _b300
856 _uhttp://www.taylorfrancis.com/books/9781315025964
942 _cEBOOK
999 _c1816392
_d1816392